Podoby suburbanizačných procesov mesta na hranici - reflexia problematiky na príklade Bratislavy /
Gespeichert in:
| 1. Verfasser: | |
|---|---|
| Weitere Verfasser: | , |
| Format: | Buch |
| Sprache: | Slowakisch |
| Veröffentlicht: |
Bratislava :
Sociologický ústav SAV, v.v.i.,
2023
|
| Ausgabe: | 1. vydanie |
| Schlagworte: | |
| Online-Zugang: | https://sociologia.sav.sk/cms/uploaded/3315_attach_Faltan_2023_fulltext.pdf |
| Tags: |
Keine Tags, Fügen Sie das erste Tag hinzu!
|
MARC
| LEADER | 00000nam a22000003a 4500 | ||
|---|---|---|---|
| 001 | 0108204 | ||
| 003 | SK-STU | ||
| 005 | 20240131114549.5 | ||
| 007 | ta | ||
| 008 | 240131s ----xo-----e------000-0-----d | ||
| 020 | |a 978-80-89897-41-4 | ||
| 040 | |a STU |b slo | ||
| 041 | 0 | |a slo | |
| 044 | |a xo | ||
| 100 | 1 | |a Falťan, Ľubomír |4 aut | |
| 245 | 1 | 0 | |a Podoby suburbanizačných procesov mesta na hranici - reflexia problematiky na príklade Bratislavy / |c aut. Ľubomír Falťan ; rec. Alžbeta Sopirová, Vladimír Ira |
| 250 | |a 1. vydanie | ||
| 260 | |a Bratislava : |b Sociologický ústav SAV, v.v.i., |c 2023 | ||
| 300 | |a 120 s. | ||
| 650 | 0 | 7 | |a suburbanizácia |
| 650 | 0 | 7 | |a satelity |
| 650 | 0 | 7 | |a Bratislava |
| 650 | 0 | 7 | |a mestské osídlenie |
| 650 | 0 | 7 | |a bývanie prímestské |
| 650 | 0 | 7 | |a obytné budovy |
| 700 | 1 | |a Sopirová, Alžbeta, |d 1955- |u 056160 |r Z1 |4 rev |U FAD Fakulta architektúry a dizajnu |T FAD Ústav urbanizmu a územného plánovania |X 4201 |U A6160 |Y 397 |7 A000004201 | |
| 700 | 1 | |a Ira, Vladimír |4 rev | |
| 856 | 4 | 0 | |u https://sociologia.sav.sk/cms/uploaded/3315_attach_Faltan_2023_fulltext.pdf |
| 996 | |b 284AU09897 |c A* 13265/U |l AAKNAR |s A |a 24 |w 0108204_0001 | ||